000 00261nam a2200109Ia 4500
008 200302s9999 xx 000 0 und d
100 _aFranca Santi Gualteri
245 _aAbitare Annual 9
260 _bEditrice Abitare Segesta
260 _c1994
300 _a291 P.,
999 _c980
_d980